000 00656cam a2200181 a 4500
001 000002868
005 20200929150256.0
008 810716s1981 pr 000 f spa
040 _aDO-SdBNP
_cDLC
_dDLC
082 _aPR863.44
_bD671v
100 1 _aDomínguez de Leon, Ricardo A.,
_d1955-
_99112
245 1 3 _aLa vida de... :
_buna novela para el pueblo de alguien del pueblo que se salió del pueblo /
_cRicardo A. Domínguez de León.
260 _aHato Rey, Puerto Rico :
_bPubligraph,
_c1981.
300 _a322 p. ;
_c13 cm.
650 4 _aNovela puertoriqueña
_99113
650 4 _aLiteratura puertoriqueña
_96540
910 _aCatalogación por copia / LC
999 _c2702
_d2702